Discours de réception (Record no. 169307)

MARC details
000 -LEADER
campo de control de longitud fija 00844nam a22002055i 4500
001 - NÚMERO DE CONTROL
campo de control 169307
003 - IDENTIFICADOR DE NÚMERO DE CONTROL
campo de control ES-MaACL
005 - FECHA Y HORA DE LA ÚLTIMA TRANSACCIÓN
campo de control 20250701063158.0
008 - DATOS DE LONGITUD FIJA--INFORMACIÓN GENERAL
campo de control de longitud fija 080829s1889 fr |||| | fre d
080 ## - NÚMERO DE LA CLASIFICACIÓN DECIMAL UNIVERSAL
Número de la Clasificación Decimal Universal 929 Cuvillier-Fleury, Alfred-Auguste
100 1# - ENTRADA PRINCIPAL--NOMBRE DE PERSONA
Nombre de persona Claretie, Jules,
Fechas asociadas al nombre 1840-1913
9 (RLIN) 160289
245 10 - MENCIÓN DEL TÍTULO
Título Discours de réception
Resto del título : séance de L'Academie Française du 21 février 1889 /
Mención de responsabilidad, etc. J. Claretie.
260 ## - PUBLICACIÓN, DISTRIBUCIÓN, ETC.
Lugar de publicación, distribución, etc. Paris :
Nombre del editor, distribuidor, etc. Calman Lévy,
Fecha de publicación, distribución, etc. 1889.
300 ## - DESCRIPCIÓN FÍSICA
Extensión 43 p. ;
Dimensiones 24 cm.
505 8# - NOTA DE CONTENIDO CON FORMATO
Nota de contenido con formato Tema del discurso: Discours de M. Claretie Jules-Arnaud-Arsène à la place par la mort de mort de M. Cuviller-Fleury
600 14 - PUNTO DE ACCESO ADICIONAL DE MATERIA--NOMBRE DE PERSONA
Nombre de persona Cuvillier-Fleury, Alfred-Auguste.
9 (RLIN) 138402
710 2# - ENTRADA AGREGADA--NOMBRE DE ENTIDAD CORPORATIVA
Nombre de entidad corporativa o nombre de jurisdicción como elemento de entrada Académie française.
9 (RLIN) 1233
852 ## - LOCALIZACIÓN
Ubicación ES-MaACL
Número de control de estantería 2233-F-14
itemnumber R.143878
Nota libre .- Biblioteca Jacinto Martínez Lacalle
Holdings
Estatus retirado Estado de pérdida Estado de daño No para préstamo Colección Biblioteca de origen Biblioteca actual Ubicación en estantería Fecha de adquisición Fuente de adquisición Total de préstamos Signatura topográfica completa Código de barras Visto por última vez Precio de reemplazo Tipo de ítem Koha
        Colección de folletos Biblioteca del Ateneo de Madrid Biblioteca del Ateneo de Madrid Depósito folletos 29/08/2008     2233-F-14 1177750 23/02/2023 23/02/2023 Folleto